Statistics for Characters from TV Series 'Dexter'

Click here to take the quiz!

General Stats

  • This quiz has been taken 975 times
    (812 since last reset)
  • The average score is 19 of 57

Answer Stats

HintAnswer% Correct
Dexter's SisterDebra Morgan
97%
Bay Habour ButcherDexter Morgan
96%
Dexter's WifeRita Bennett
89%
Dexter's Adoptive FatherHarry Morgan
88%
Detective / Lieutenant (Season 1-8)Angel Batista
86%
Lieutenant / Captain (Season 1-8)Maria Laguerta
85%
Dexter's SonHarrison Morgan
82%
Detective (Season 1-2)James Doakes
76%
Forensic Examiner (Season 1-8)Vince Masuka
70%
Detective (Season 3-8)Joey Quinn
70%
Dexter's StepsonCody Bennett
68%
Ice Truck KillerBrian Moser/Rudy Cooper
64%
Dexter's StepdaughterAstor Bennett
58%
FBI Special Agent (Season 2, 4)Frank Lundy
54%
Barrel Girl #13 (Season 5)Lumen Pierce
50%
Rita's Ex-husband (Season 1-2)Paul Bennett
47%
Dexter's Mistress (Season 2)Lila West
46%
Dexter's Biological Mother (Season 1)Laura Moser
45%
Dexter's Love Interest (Season 7)Hannah McKay
43%
Captain (Season 1-2), Deputy Chief (4-6)Tom Matthews
40%
Assistant District AttorneyMiguel Prado
38%
Trinity Killer (Season 4)Arthur Mitchell
33%
Dexter's Babysitter (Season 6-7)Jamie Batista
30%
Dexter's Sister's Boyfriend (Season 3)Anton Briggs
27%
Doomsday KillerTravis Marshall
24%
Motivational Speaker (Season 5)Jordan Chase
23%
Trinity Killer's Son (Season 4)Jonah Mitchell
22%
Miguel's Brother (Season 3)Ramon Prado
18%
The Psychopath WhispererDr Evelyn Vogel
17%
Reformed Criminal (Season 6)Brother Sam
17%
Ukrainian Mob Boss Season 7Isaak Sirko
16%
Trinity's Killer's Daughter (Season 4)Christine Hill
14%
Defense Attorney (Season 3)Ellen Wolf
14%
Detective (Season 6-7)Mike Anderson
14%
Stripper (Season 7)Nadia
14%
Doomsday Killer MentorJames Gellar
13%
Dexter's NeighbourElliot
13%
The Skinner (Season 3)Jorge Orozco / George Washington King
13%
Manager of 'The Fox Hole' (Season 7)George Novikov
13%
Isaak's lover (Season 7)Viktor Baskov
12%
Forensic Intern (Season 6-7)Louis Greene
11%
The Brain SurgeonDaniel Vogel / Oliver Saxon
10%
Dexter's Sister's Boss (S8)Jacob Elway
10%
Dexter's Apprentice (S8)Zach Hamilton
10%
Corrupt Narcotics Officer (Season 5)Stan Liddy
10%
Lieutenant (Season 1)Esme Pascal
10%
Dexter's Sister's Boyfriend (Season 2)Gabriel
9%
Dexter's Babysitter (Season 5)Sonya
8%
Forensic Intern (Season 6)Ryan Chambers
8%
Dexter's Neighbour (S8)Cassie Jollenston
8%
Internal Affairs Officer (Season 3)Yuki Amado
7%
True Crimes Writer (Season 7)Sal Price
6%
Detective (S7-8)Angie Miller
6%
Forensic Examiner's DaughterNiki Walters
5%
Rookie cop (Season 5)Cira Manzon
4%
Deputy Marshall (S8)Clayton
4%
Dexter's Sister's TherapistMichelle Ross
3%

Score Distribution

Percentile by Number Answered

Percent of People with Each Score

Your Score History

You have not taken this quiz since the last reset